00658cam a22002531 4500001001300000003000400013005001700017008004100034010001700075025002100092035002000113040002100133042001200154050002400166100002600190245003700216260001100253300001900264546001800283500002200301600002600323650003800349999001700387sa 68009064 DLC20260227112539.0950203s1967 ii 000 0 malo  asa 68009064  aPL480:I-Mal-1329 a(OCoLC)31931959 aDLCcCUdCUdDLC apremarc00aPN2888.A55bA3 19671 aĀnt̲aṇi, Pi. Je.10aEnṭe nāṭakasmaraṇakaḷ. c[1967] a191 p.c19 cm. aIn Malayalam. aAutobiographical.10aĀnt̲aṇi, Pi. Je. 0aActorszIndiazKeralavBiography. c82692d82692